Postacie z Miodowych lat - nagła śmierć - Statystyki

Ogólne statystyki
  • Ten quiz został rozwiązany 205 razy
  • Średni wynik to 8 z 10
Answers on the Grid
Answers color-coded by a green-red scale on the quiz's grid according to % correct below.
Paweł Kozioł
Tadeusz Norek
Marian Paździoch
Karol Krawczyk
Alina Krawczyk
Dionizy Złotopolski
Alutka Kossoń
Danuta Norek
Maliszewski "Malisz"
Jan Marszałek
Waldek Kiepski
kierownik Barczak
Małgosia Mostowiak
Doktor Zawisza
Solejuk
Pamela Marszałek
Roman Kurski
Marian Graczyk
Helena Grzelakowa
Czerepach
 
Statystyki odpowiedzi
Odpowiedź % Poprawnych
Tadeusz Norek
95%
Karol Krawczyk
94%
Alina Krawczyk
93%
Danuta Norek
93%
kierownik Barczak
73%
Roman Kurski
71%
Jan Marszałek
68%
Doktor Zawisza
67%
Pamela Marszałek
67%
Helena Grzelakowa
63%
Nie znaleziono quizów pasujących do podanych kryteriów
Rozkład punktacji
Procent ludzi z każdym wynikiem
Percentyl według liczby udzielonych odpowiedzi
Twoja historia wyników
Nie rozwiązałeś tego quizu